Vereinigtes Königreich-Quiz - Statistiken

Allgemein
  • Dieses Quiz wurde 8.194 mal gespielt
  • Das Durchschnittsergebnis liegt bei 16 aus 24
Antwortstatistiken
Frage Antwort % Korrekt
Hauptstädte der Landesteile London
99%
Vier Landesteile des Vereinigten Königreichs Schottland
98%
Vier Landesteile des Vereinigten Königreichs England
97%
Vier Landesteile des Vereinigten Königreichs Wales
97%
Währung Pfund Sterling
96%
Einziges Land das am Vereinigten Königreich grenzt (exklusive Territorien) Irland
95%
Vier Landesteile des Vereinigten Königreichs Nordirland
93%
Aktueller Monarch König Charles III
87%
Offizielle Residenz des Monarchs Buckingham Palast
80%
Gewässer, das Frankreich von Großbritanien trennt {Ärmel}kanal
79%
Hauptstädte der Landesteile Edinburgh
79%
Älteste Universität Oxford
77%
Größter Flughafen London Heathrow
64%
Hauptstädte der Landesteile Belfast
62%
Land, aus dem die meisten ausländisch-geborenen Britische Bürger stammen Indien
61%
Hauptstädte der Landesteile Cardiff
59%
Nationalhymne God Save the King
57%
Stadtteil auf den Nullmeridian, in dem sich der Royal Observatory befindet Greenwich
56%
Die zwei Kammern des Britischen Parlaments House of {Lords}
42%
Aktueller Premierminister Rishi Sunak
39%
Die zwei Kammern des Britischen Parlaments House of {Commons}
33%
Höchstes Gebäude The Shard
20%
Höchster Berg Ben Nevis
17%
Längster Fluß Severn
16%
Keine übereinstimmenden Quizze gefunden
Verteilung der Resultate
Anzahl Personen mit jedem Resultat
Perzentil nach korrekt beantworteten Fragen
Ihre Resultats-Entwicklung
Sie haben dieses Quiz noch nicht gespielt